00391nam a22001457a 450000500170000000800410001702000180005804100120007608200130008810000120010124500270011326000550014030000250019565000250022020240822120945.0240822b |||||||| |||| 00| 0 eng d a9780409023398 aEnglish a349 LAW  lEnglish aThe Lawyer's Yearbook  aDurban: bButterworth Publishers (Pty) Ltd, c2008 b395 pages; c25 cm.  aLegal practice bLaw